| 000 | 00510nam a22001937a 4500 | ||
|---|---|---|---|
| 003 | MPLRDC | ||
| 005 | 20220104192214.0 | ||
| 008 | 210129b ||||| |||| 00| 0 eng d | ||
| 020 | _a978-988-216-276-1 | ||
| 082 | _a848.3 CL-53 | ||
| 100 | _a蔡澜 | ||
| 245 |
_a蔡澜索到的女人美味 _c |
||
| 250 | _a初版一刷 | ||
| 260 |
_a香港 _b皇冠出版社(香港)有限公司 _c2012 |
||
| 300 | _b平 | ||
| 490 | _a香港皇冠丛书第1238种 | ||
| 650 | _a现代别集 | ||
| 942 |
_cBK _o848.3 CL-53 |
||
| 999 |
_c64607 _d64597 |
||